000 00807pam a2200253 4500
001 62090
003 BD-RjUL
005 20211209081037.0
008 170122s1982 nyua b 001 0 eng
020 _a0029017009
035 _a(BD-RjUL)62215
040 _aDLC
_cDLC
_dBD-RjUL
_beng
041 _aeng
082 _223
_a658.8348
_bBAM 1982
100 1 _aBartos, Rena.
_9184717
245 1 4 _aThe moving target :
_bwhat every marketer should know about women /
_cRena Bartos.
260 _aNew York :
_bFree Press,
_cc1982.
300 _axii, 304 p. :
_bill. ;
_c24 cm.
504 _aIncludes bibliographical references and index.
650 0 _aWomen consumers
_zUnited States.
_9184718
650 0 _aWomen
_xEmployment
_zUnited States.
_9184719
650 0 _aWomen in advertising.
_9184720
942 _2ddc
_cBK
999 _c62090
_d62090